Dialogues in the philosophy of religion / (Record no. 4815)

MARC details
000 -LEADER
fixed length control field 00655nam a22002172 4500
001 - CONTROL NUMBER
control field 0000000595
005 - DATE AND TIME OF LATEST TRANSACTION
control field 20151217151751.0
008 - FIXED-LENGTH DATA ELEMENTS--GENERAL INFORMATION
fixed length control field 070213s xx 000 0 eng d
020 ## - INTERNATIONAL STANDARD BOOK NUMBER
Terms of availability KES 7,000
040 ## - CATALOGING SOURCE
Original cataloging agency KABU
Transcribing agency KABU
050 #0 - LIBRARY OF CONGRESS CALL NUMBER
Classification number BR127
Item number .D544 2001
100 1# - MAIN ENTRY--PERSONAL NAME
Personal name Hick, John.
-- 0000148831
245 10 - TITLE STATEMENT
Title Dialogues in the philosophy of religion /
Statement of responsibility, etc. John Hick.
260 ## - PUBLICATION, DISTRIBUTION, ETC. (IMPRINT)
Place of publication, distribution, etc. Houndsmill :
Name of publisher, distributor, etc. Palgrave,
Date of publication, distribution, etc. 2001.
300 ## - PHYSICAL DESCRIPTION
Extent 217 p.
650 #0 - SUBJECT ADDED ENTRY--TOPICAL TERM
Topical term or geographic name as entry element Religious pluralism
General subdivision Christianity.
-- 0000148832
650 #0 - SUBJECT ADDED ENTRY--TOPICAL TERM
Topical term or geographic name as entry element Christianity and other religions.
-- 0000104136
908 ## - PUT COMMAND PARAMETER (RLIN)
Put command parameter 070213
950 ## - LOCAL HOLDINGS (RLIN)
-- 1
Holdings
Withdrawn status Lost status Source of classification or shelving scheme Not for loan Home library Current library Date acquired Total Checkouts Full call number Barcode Date last seen Price effective from Koha item type
    Library of Congress Classification   Kabarak, Main Campus Kabarak, Main Campus 17/12/2015   BR127 .D544 2001 000707 02/08/2024 17/12/2015 General Collection
Designed with assistance from East African Informatics Ltd